[Event "Sao Paulo Livraria 4th"]
[Site "Sao Paulo"]
[Date "2015.05.10"]
[Round "7"]
[White "Camano, Carlos"]
[Black "Freitas, Romeu Salvador"]
[Result "0-1"]
[WhiteElo "2185"]
[BlackElo "2287"]
[PlyCount "36"]
[EventDate "2015.05.05"]
[EventType "tourn"]
[EventRounds "10"]
[EventCountry "BRA"]
[SourceTitle "EXT 2018"]
[Source "ChessBase"]
[SourceDate "2017.10.13"]
[SourceVersion "1"]
[SourceVersionDate "2017.10.13"]
[SourceQuality "1"]

1. e4 c5 2. f4 g6 3. Nf3 Bg7 4. d4 cxd4 5. Nxd4 d6 6. Bc4 Nc6 7. Nb3 Nf6 8. Nc3 0-0 9. 0-0 b5 10. Bxb5 Nxe4 11. Be3 Nxc3 12. bxc3 Bb7 13. Bxc6 Bxc6 14. Bd4 e5 15. fxe5 dxe5 16. Bc5 Qg5 17. Qe2 Rfd8 18. Na5 Rd2 0-1

[Event "Sao Paulo Livraria 4th"]
[Site "Sao Paulo"]
[Date "2015.05.09"]
[Round "6"]
[White "Freitas, Romeu Salvador"]
[Black "Oliveira, Renan de Andrade"]
[Result "1-0"]
[WhiteElo "2287"]
[BlackElo "1895"]
[PlyCount "61"]
[EventDate "2015.05.05"]
[EventType "tourn"]
[EventRounds "10"]
[EventCountry "BRA"]
[SourceTitle "EXT 2018"]
[Source "ChessBase"]
[SourceDate "2017.10.13"]
[SourceVersion "1"]
[SourceVersionDate "2017.10.13"]
[SourceQuality "1"]

1. d4 d5 2. c4 e5 3. dxe5 d4 4. g3 Nc6 5. Nf3 Bb4+ 6. Nbd2 Nge7 7. Bg2 Ng6 8. 0-0 Bxd2 9. Bxd2 Be6 10. Qc2 0-0 11. Rfd1 Qc8 12. e3 dxe3 13. Bxe3 Ngxe5 14. Nxe5 Nxe5 15. Bc5 Re8 16. f4 Ng4 17. Re1 Nf6 18. Bd4 Bf5 19. Qc3 Ne4 20. Qb3 c5 21. Be5 f6 22. Bxe4 Bxe4 23. Rxe4 fxe5 24. Rae1 Qc6 25. Qe3 Rad8 26. b3 Qd6 27. Rxe5 Rxe5 28. Qxe5 Qxe5 29. Rxe5 Rd1+ 30. Kf2 Rd2+ 31. Re2 1-0

[Event "Sao Paulo Livraria 4th"]
[Site "Sao Paulo"]
[Date "2015.05.05"]
[Round "1"]
[White "Oliveira, Renan de Andrade"]
[Black "Freitas, Romeu Salvador"]
[Result "0-1"]
[WhiteElo "1895"]
[BlackElo "2287"]
[PlyCount "68"]
[EventDate "2015.05.05"]
[EventType "tourn"]
[EventRounds "10"]
[EventCountry "BRA"]
[SourceTitle "EXT 2018"]
[Source "ChessBase"]
[SourceDate "2017.10.13"]
[SourceVersion "1"]
[SourceVersionDate "2017.10.13"]
[SourceQuality "1"]

1. e4 c5 2. Nf3 d6 3. d4 cxd4 4. Nxd4 Nf6 5. Nc3 Nc6 6. Be3 Ng4 7. Bb5 Nxe3 8. Nxc6 Nxd1 9. Nxd8+ Kxd8 10. Rxd1 a6 11. Bc4 e6 12. 0-0 b5 13. Be2 Bb7 14. Bf3 Kc7 15. Ne2 Be7 16. c3 Rac8 17. g3 Kb6 18. Kg2 g5 19. e5 dxe5 20. Bxb7 Kxb7 21. Rd7+ Rc7 22. Rfd1 Kc6 23. Rxc7+ Kxc7 24. f4 gxf4 25. gxf4 exf4 26. Nxf4 Bd6 27. Nd3 Rg8+ 28. Kf3 Rg5 29. h4 Rf5+ 30. Ke4 Rh5 31. Rh1 Bg3 32. Kf3 Rxh4 33. Rxh4 Bxh4 34. Ne5 f5 0-1

[Event "Campo Grande 3rd"]
[Site "Campo Grande"]
[Date "2014.06.20"]
[Round "4"]
[White "Lopes, Marcelo Ferreira"]
[Black "Freitas, Romeu Salvador"]
[Result "0-1"]
[WhiteElo "2011"]
[BlackElo "2278"]
[PlyCount "88"]
[EventDate "2014.06.19"]
[EventType "tourn"]
[EventRounds "9"]
[EventCountry "BRA"]
[SourceTitle "CBM 161 Extra"]
[Source "ChessBase"]
[SourceDate "2014.08.29"]
[SourceVersion "1"]
[SourceVersionDate "2014.08.29"]
[SourceQuality "1"]

1. e4 c5 2. Nf3 d6 3. Bb5+ Nd7 4. 0-0 Ngf6 5. Qe2 a6 6. Bxd7+ Nxd7 7. c3 e5 8. d4 Be7 9. Rd1 Qc7 10. Nbd2 0-0 11. Nf1 b5 12. Ng3 Rd8 13. Nf5 Bf8 14. d5 c4 15. a4 Qb8 16. axb5 axb5 17. Rxa8 Qxa8 18. b3 cxb3 19. Qxb5 Qa2 20. Rd2 Qb1 21. Rd1 Qxe4 22. Ne3 g6 23. Qxb3 Nc5 24. Qc2 Qxc2 25. Nxc2 Bg4 26. Ne3 Bxf3 27. gxf3 Rc8 28. Ba3 Na4 29. c4 f5 30. Rc1 Nb6 31. Rb1 Nxc4 32. Nxc4 Rxc4 33. Rb8 Kf7 34. Rb7+ Kf6 35. Rd7 Rd4 36. Bxd6 Bxd6 37. Rxd6+ Kg5 38. Kg2 h5 39. Rd7 h4 40. Rd8 Kf4 41. d6 h3+ 42. Kxh3 Kxf3 43. Rg8 Rxd6 44. Kh4 Kxf2 0-1

[Event "Paulista-chT Interclubes"]
[Site "Sao Paulo"]
[Date "2013.02.??"]
[Round "7"]
[White "Sztokbant, Bernardo Vainzoff"]
[Black "Freitas, Romeu Salvador"]
[Result "0-1"]
[WhiteElo "2113"]
[BlackElo "2291"]
[PlyCount "138"]
[EventDate "2013.02.25"]
[EventType "team-tourn"]
[EventRounds "7"]
[EventCountry "BRA"]
[SourceTitle "EXT 2022"]
[Source "ChessBase"]
[SourceDate "2021.10.06"]
[SourceVersion "1"]
[SourceVersionDate "2021.10.06"]
[SourceQuality "1"]
[WhiteTeam "Sociedade Hebraica II"]
[BlackTeam "Circulo Militar"]
[WhiteTeamCountry "BRA"]
[BlackTeamCountry "BRA"]

1. e4 c5 2. Nf3 d6 3. d4 cxd4 4. Nxd4 Nf6 5. Nc3 Nc6 6. Be2 e5 7. Nb3 Be7 8. 0-0 0-0 9. Be3 Be6 10. Bf3 Na5 11. Nxa5 Qxa5 12. Qd2 b6 13. Rfd1 Rac8 14. Rac1 Rc7 15. h3 Rfc8 16. g4 h6 17. g5 hxg5 18. Bxg5 Qb4 19. Rb1 Rxc3 20. bxc3 Qxc3 21. Qd3 Bxh3 22. Qxc3 Rxc3 23. Rd3 Rc4 24. Ra3 Rc7 25. Rd3 Be6 26. Rb2 Kf8 27. a4 Nd7 28. Bxe7+ Kxe7 29. a5 Rc5 30. axb6 axb6 31. Ra3 Rc7 32. c3 g6 33. Kf1 f5 34. Ke2 Bc4+ 35. Kd2 Ke6 36. Ra8 d5 37. exd5+ Bxd5 38. Bxd5+ Kxd5 39. Rg8 Rc6 40. Rd8 Ke6 41. Ra2 Nc5 42. f3 e4 43. f4 Nd3 44. Ke3 Rxc3 45. Ra7 Nc5+ 46. Ke2 Nd3 47. Re8+ Kd5 48. Ke3 Nc5+ 49. Ke2 Rf3 50. Rd8+ Kc4 51. Rd6 Rxf4 52. Rxg6 b5 53. Rc7 Kb4 54. Rf7 Rf3 55. Rg5 Ne6 56. Rg1 Nd4+ 57. Ke1 Kc3 58. Rg2 Nc2+ 59. Kd1 Nd4 60. Ke1 Re3+ 61. Kd1 Rd3+ 62. Ke1 Nf3+ 63. Kf2 Rd2+ 64. Kf1 Rxg2 65. Kxg2 b4 66. Kg3 Nd4 67. Kf4 b3 68. Ke3 Nc2+ 69. Ke2 b2 0-1

[Event "Sao Jose do Rio Preto 11th"]
[Site "Sao Jose do Rio Preto"]
[Date "2012.12.20"]
[Round "5"]
[White "Oliveira, Silvio Eduardo"]
[Black "Freitas, Romeu Salvador"]
[Result "0-1"]
[WhiteElo "2321"]
[BlackElo "2279"]
[PlyCount "46"]
[EventDate "2012.12.17"]
[EventType "tourn"]
[EventRounds "9"]
[EventCountry "BRA"]
[EventCategory "3"]
[SourceTitle "EXT 2014"]
[Source "ChessBase"]
[SourceDate "2013.11.20"]
[SourceVersion "1"]
[SourceVersionDate "2013.11.20"]
[SourceQuality "1"]

1. d4 Nf6 2. c4 g6 3. Nc3 Bg7 4. e4 d6 5. Be2 0-0 6. Nf3 e5 7. 0-0 Nc6 8. d5 Ne7 9. b4 Ne8 10. Nd2 f5 11. c5 Nf6 12. f3 f4 13. Nc4 g5 14. Ba3 Ng6 15. b5 dxc5 16. Bxc5 Rf7 17. a4 h5 18. h3 Bf8 19. Bf2 g4 20. hxg4 hxg4 21. fxg4 Bb4 22. Rc1 Rh7 23. g5 Kf7 0-1

[Event "Sao Jose do Rio Preto 11th"]
[Site "Sao Jose do Rio Preto"]
[Date "2012.12.19"]
[Round "4"]
[White "Freitas, Romeu Salvador"]
[Black "Della Morte, German"]
[Result "1-0"]
[WhiteElo "2279"]
[BlackElo "2325"]
[PlyCount "101"]
[EventDate "2012.12.17"]
[EventType "tourn"]
[EventRounds "9"]
[EventCountry "BRA"]
[EventCategory "3"]
[SourceTitle "EXT 2014"]
[Source "ChessBase"]
[SourceDate "2013.11.20"]
[SourceVersion "1"]
[SourceVersionDate "2013.11.20"]
[SourceQuality "1"]

1. d4 Nf6 2. c4 g6 3. Nf3 Bg7 4. g3 0-0 5. Bg2 d6 6. Nc3 Nbd7 7. 0-0 e5 8. e4 exd4 9. Nxd4 Re8 10. h3 a6 11. Re1 Rb8 12. a4 c6 13. a5 Ne5 14. b3 c5 15. Nde2 Nc6 16. Bf4 Bf8 17. Bg5 Be7 18. Ra2 Nb4 19. Ra1 Bd7 20. Bf4 Qc7 21. Qd2 Bf8 22. g4 Bc6 23. Ng3 Nd7 24. Re2 Ne5 25. Bh6 Be7 26. f4 Bh4 27. Nf5 gxf5 28. fxe5 dxe5 29. gxf5 f6 30. Bf3 Kh8 31. Rg2 Rg8 32. Be3 Rxg2+ 33. Bxg2 Rd8 34. Qe2 Rd3 35. Bxc5 Rxc3 36. Bxb4 Rxb3 37. Bd2 Qd6 38. Be3 Qd3 39. Qxd3 Rxd3 40. Bb6 Rc3 41. Rd1 Rxc4 42. Rd8+ Kg7 43. Rc8 Bg5 44. Rc7+ Kh6 45. Kf1 Rc2 46. Bf3 Ra2 47. Rf7 Ra3 48. Ke2 Bb5+ 49. Kf2 Ra2+ 50. Kg3 Be8 51. Bc5 1-0

[Event "Paulista-ch zt"]
[Site "Itapetininga"]
[Date "2012.10.14"]
[Round "6"]
[White "Massarioli, Felipe Alvarenga"]
[Black "Freitas, Romeu Salvador"]
[Result "1/2-1/2"]
[WhiteElo "2057"]
[BlackElo "2279"]
[PlyCount "24"]
[EventDate "2012.10.12"]
[EventType "swiss"]
[EventRounds "6"]
[EventCountry "BRA"]
[SourceTitle "CBM 151 Extra"]
[Source "ChessBase"]
[SourceDate "2012.12.18"]
[SourceVersion "1"]
[SourceVersionDate "2012.12.18"]
[SourceQuality "1"]

1. d4 Nf6 2. c4 g6 3. Nc3 Bg7 4. Bg5 d6 5. Nf3 0-0 6. e3 c5 7. Be2 Nbd7 8. h3 b6 9. 0-0 Bb7 10. d5 a6 11. a4 Ne8 12. e4 Nc7 1/2-1/2

[Event "Paulista-ch zt"]
[Site "Itapetininga"]
[Date "2012.10.13"]
[Round "3"]
[White "Freitas, Romeu Salvador"]
[Black "Utiyama, Marcel Heimar Ribei"]
[Result "1/2-1/2"]
[WhiteElo "2279"]
[BlackElo "2145"]
[PlyCount "31"]
[EventDate "2012.10.12"]
[EventType "swiss"]
[EventRounds "6"]
[EventCountry "BRA"]
[SourceTitle "CBM 151 Extra"]
[Source "ChessBase"]
[SourceDate "2012.12.18"]
[SourceVersion "1"]
[SourceVersionDate "2012.12.18"]
[SourceQuality "1"]

1. d4 Nf6 2. c4 g6 3. Nf3 Bg7 4. g3 0-0 5. Bg2 d5 6. cxd5 Nxd5 7. 0-0 c5 8. dxc5 Na6 9. Ng5 e6 10. Ne4 Bd7 11. Bg5 Qc7 12. Qd2 Nxc5 13. Nxc5 Qxc5 14. e4 Nb6 15. Be3 Qe7 16. Rc1 1/2-1/2

[Event "Paulista-ch zt"]
[Site "Itapetininga"]
[Date "2012.10.12"]
[Round "2"]
[White "Gotz, Klaus Seiji Furucho"]
[Black "Freitas, Romeu Salvador"]
[Result "0-1"]
[WhiteElo "2017"]
[BlackElo "2279"]
[PlyCount "44"]
[EventDate "2012.10.12"]
[EventType "swiss"]
[EventRounds "6"]
[EventCountry "BRA"]
[SourceTitle "CBM 151 Extra"]
[Source "ChessBase"]
[SourceDate "2012.12.18"]
[SourceVersion "1"]
[SourceVersionDate "2012.12.18"]
[SourceQuality "1"]

1. d4 Nf6 2. c4 g6 3. Nc3 Bg7 4. e4 d6 5. Be2 0-0 6. Bg5 c5 7. d5 h6 8. Bf4 e6 9. h3 exd5 10. exd5 Re8 11. Qd2 Kh7 12. Nf3 Bf5 13. 0-0 a6 14. g4 Ne4 15. Nxe4 Bxe4 16. Rae1 b5 17. Nh2 bxc4 18. Bxc4 Nd7 19. f3 Nb6 20. b3 Bd4+ 21. Be3 Bxd5 22. Bxd5 Rxe3 0-1

[Event "Torre de Pedra 1st"]
[Site "Torre de Pedra"]
[Date "2012.08.26"]
[Round "17"]
[White "Grillo, Cloves Moises"]
[Black "Freitas, Romeu Salvador"]
[Result "0-1"]
[WhiteElo "1691"]
[BlackElo "2256"]
[PlyCount "34"]
[EventDate "2012.07.28"]
[EventType "tourn"]
[EventRounds "18"]
[EventCountry "BRA"]
[SourceTitle "EXT 2013"]
[Source "ChessBase"]
[SourceDate "2012.11.22"]
[SourceVersion "1"]
[SourceVersionDate "2012.11.22"]
[SourceQuality "1"]

1. d4 Nf6 2. c4 e6 3. Nc3 Bb4 4. Qc2 0-0 5. a3 Bxc3+ 6. Qxc3 b6 7. Nf3 Bb7 8. e3 Ne4 9. Qc2 f5 10. Bd3 d6 11. 0-0 Nd7 12. b4 Rf6 13. Bb2 Rg6 14. a4 a5 15. b5 Nd2 16. Qxd2 Rxg2+ 17. Kxg2 Qg5+ 0-1

[Event "Torre de Pedra 1st"]
[Site "Torre de Pedra"]
[Date "2012.08.25"]
[Round "16"]
[White "Milanelo, Carlos Alberto"]
[Black "Freitas, Romeu Salvador"]
[Result "0-1"]
[WhiteElo "1655"]
[BlackElo "2256"]
[PlyCount "50"]
[EventDate "2012.07.28"]
[EventType "tourn"]
[EventRounds "18"]
[EventCountry "BRA"]
[SourceTitle "EXT 2013"]
[Source "ChessBase"]
[SourceDate "2012.11.22"]
[SourceVersion "1"]
[SourceVersionDate "2012.11.22"]
[SourceQuality "1"]

1. d4 Nf6 2. c4 c5 3. d5 e6 4. f3 b5 5. cxb5 exd5 6. Nc3 d4 7. Ne4 Nxe4 8. fxe4 Qa5+ 9. Bd2 Qxb5 10. e3 Qb6 11. Nf3 Nc6 12. Bd3 dxe3 13. Bxe3 Qxb2 14. Rb1 Qxg2 15. Rg1 Qxa2 16. Qb3 Qxb3 17. Rxb3 Nb4 18. Bc4 Nc2+ 19. Ke2 Nxe3 20. Kxe3 g6 21. Ne5 Bh6+ 22. Ke2 0-0 23. h4 Bg7 24. Nd3 Bd4 25. h5 Bxg1 0-1

[Event "Torre de Pedra 1st"]
[Site "Torre de Pedra"]
[Date "2012.08.24"]
[Round "14"]
[White "Freitas, Romeu Salvador"]
[Black "Jaque, Angelica Goncalves"]
[Result "1-0"]
[WhiteElo "2256"]
[BlackElo "1714"]
[PlyCount "23"]
[EventDate "2012.07.28"]
[EventType "tourn"]
[EventRounds "18"]
[EventCountry "BRA"]
[SourceTitle "EXT 2013"]
[Source "ChessBase"]
[SourceDate "2012.11.22"]
[SourceVersion "1"]
[SourceVersionDate "2012.11.22"]
[SourceQuality "1"]

1. e4 e5 2. d4 exd4 3. c3 dxc3 4. Bc4 cxb2 5. Bxb2 Nf6 6. Qb3 Nc6 7. Bxf7+ Ke7 8. Nf3 Nxe4 9. 0-0 d6 10. Re1 Bf5 11. Rxe4+ Bxe4 12. Qe6# 1-0

[Event "Torre de Pedra 1st"]
[Site "Torre de Pedra"]
[Date "2012.08.19"]
[Round "12"]
[White "Faria, Marcio Roberto"]
[Black "Freitas, Romeu Salvador"]
[Result "0-1"]
[WhiteElo "1617"]
[BlackElo "2256"]
[PlyCount "50"]
[EventDate "2012.07.28"]
[EventType "tourn"]
[EventRounds "18"]
[EventCountry "BRA"]
[SourceTitle "EXT 2013"]
[Source "ChessBase"]
[SourceDate "2012.11.22"]
[SourceVersion "1"]
[SourceVersionDate "2012.11.22"]
[SourceQuality "1"]

1. d4 Nf6 2. c4 c5 3. d5 e6 4. Nc3 exd5 5. cxd5 d6 6. Bg5 h6 7. Bxf6 Qxf6 8. e4 Be7 9. Bd3 0-0 10. Nge2 Nd7 11. 0-0 a6 12. f4 b5 13. a4 b4 14. Nb1 Qxb2 15. Nd2 g6 16. Rb1 Qg7 17. g4 Re8 18. e5 dxe5 19. Ng3 exf4 20. Nge4 Qd4+ 21. Kh1 Qxd3 22. d6 Bf8 23. Rxf4 Bb7 24. Rb3 Bxe4+ 25. Nxe4 Qxd1+ 0-1

[Event "Torre de Pedra 1st"]
[Site "Torre de Pedra"]
[Date "2012.08.17"]
[Round "9"]
[White "Da Silva Fo, Paulo Calixto"]
[Black "Freitas, Romeu Salvador"]
[Result "0-1"]
[WhiteElo "1862"]
[BlackElo "2256"]
[PlyCount "82"]
[EventDate "2012.07.28"]
[EventType "tourn"]
[EventRounds "18"]
[EventCountry "BRA"]
[SourceTitle "EXT 2013"]
[Source "ChessBase"]
[SourceDate "2012.11.22"]
[SourceVersion "1"]
[SourceVersionDate "2012.11.22"]
[SourceQuality "1"]

1. e4 c5 2. Nf3 e6 3. d4 cxd4 4. Nxd4 Nf6 5. Nc3 Bb4 6. Bd3 Nc6 7. a3 Bxc3+ 8. bxc3 0-0 9. 0-0 e5 10. Nxc6 bxc6 11. Bg5 h6 12. Bh4 Qe7 13. Qf3 g5 14. Bg3 d6 15. h3 Rb8 16. Rab1 Be6 17. Qe2 a5 18. Bc4 Rfe8 19. Bxe6 Qxe6 20. c4 Nd7 21. f3 Nb6 22. c5 dxc5 23. Bf2 Na4 24. Qd2 Rbd8 25. Qxa5 Ra8 26. Qd2 Red8 27. Qe1 Qc4 28. Rd1 Nc3 29. Rxd8+ Rxd8 30. Be3 Ra8 31. Bc1 Ne2+ 32. Kh2 Nd4 33. Bb2 Rb8 34. Ba1 Qxc2 35. Qg3 Re8 36. h4 Re6 37. hxg5 hxg5 38. Bxd4 cxd4 39. Qxg5+ Rg6 40. Qd8+ Kg7 41. Rg1 Qf2 0-1

[Event "Torre de Pedra 1st"]
[Site "Torre de Pedra"]
[Date "2012.08.11"]
[Round "8"]
[White "Pires, Thales de Almeida"]
[Black "Freitas, Romeu Salvador"]
[Result "0-1"]
[WhiteElo "1840"]
[BlackElo "2256"]
[PlyCount "44"]
[EventDate "2012.07.28"]
[EventType "tourn"]
[EventRounds "18"]
[EventCountry "BRA"]
[SourceTitle "EXT 2013"]
[Source "ChessBase"]
[SourceDate "2012.11.22"]
[SourceVersion "1"]
[SourceVersionDate "2012.11.22"]
[SourceQuality "1"]

1. e4 c5 2. Nf3 d6 3. Nc3 a6 4. d4 cxd4 5. Nxd4 Nf6 6. Be3 Ng4 7. Bg5 h6 8. Bh4 g5 9. Bg3 Bg7 10. h3 Nf6 11. f3 Qb6 12. Nb3 Nh5 13. Bf2 Bxc3+ 14. bxc3 Qc7 15. Qd2 Nc6 16. g3 d5 17. exd5 Nxg3 18. Rg1 Nxf1 19. Kxf1 Bxh3+ 20. Ke2 Ne5 21. Qd4 0-0-0 22. Qa7 Qc4+ 0-1

[Event "Osasco op"]
[Site "Osasco"]
[Date "2012.04.22"]
[Round "5"]
[White "Barbosa, Evandro Amorim"]
[Black "Freitas, Romeu Salvador"]
[Result "1/2-1/2"]
[WhiteElo "2399"]
[BlackElo "2242"]
[PlyCount "101"]
[EventDate "2012.04.20"]
[EventType "swiss"]
[EventRounds "6"]
[EventCountry "BRA"]
[SourceTitle "CBM 148 Extra"]
[Source "ChessBase"]
[SourceDate "2012.06.22"]
[SourceVersion "1"]
[SourceVersionDate "2012.06.22"]
[SourceQuality "1"]

1. e4 c5 2. Nf3 d6 3. Bb5+ Nd7 4. d4 cxd4 5. Qxd4 a6 6. Bxd7+ Bxd7 7. c4 e5 8. Qd3 b5 9. Na3 Qb6 10. 0-0 h6 11. b3 Nf6 12. Nc2 Qb7 13. Re1 Bc6 14. Nd2 Be7 15. Ba3 0-0 16. Rad1 Rad8 17. Nb4 Bd7 18. Nf1 a5 19. Nd5 Nxd5 20. exd5 Rc8 21. f4 Qb6+ 22. Kh1 Bh4 23. g3 Bf6 24. c5 Rxc5 25. Bxc5 Qxc5 26. Nd2 Qa3 27. f5 Qxa2 28. Ne4 Be7 29. Ra1 Qb2 30. Reb1 Qd4 31. Qxd4 exd4 32. g4 Ra8 33. Rd1 h5 34. h3 hxg4 35. hxg4 g6 36. Rf1 a4 37. bxa4 bxa4 38. f6 Bf8 39. Rfd1 Bxg4 40. Rxd4 Bf3+ 41. Kh2 a3 42. Nc3 Ra5 43. Kg3 Bh5 44. Ra4 Rxa4 45. Nxa4 Bh6 46. Nb6 Be3 47. Nd7 g5 48. Rxa3 Bf4+ 49. Kg2 Kh7 50. Rh3 Kh6 51. Rh1 1/2-1/2

[Event "Osasco op"]
[Site "Osasco"]
[Date "2012.04.22"]
[Round "6"]
[White "Freitas, Romeu Salvador"]
[Black "Tsuboi, Edson Kenji"]
[Result "0-1"]
[WhiteElo "2242"]
[BlackElo "2306"]
[PlyCount "98"]
[EventDate "2012.04.20"]
[EventType "swiss"]
[EventRounds "6"]
[EventCountry "BRA"]
[SourceTitle "CBM 148 Extra"]
[Source "ChessBase"]
[SourceDate "2012.06.22"]
[SourceVersion "1"]
[SourceVersionDate "2012.06.22"]
[SourceQuality "1"]

1. d4 Nf6 2. c4 e6 3. Nc3 Bb4 4. a3 Bxc3+ 5. bxc3 c5 6. e3 b6 7. Bd3 Bb7 8. f3 Nc6 9. Ne2 0-0 10. 0-0 Na5 11. e4 Ne8 12. f4 f5 13. exf5 exf5 14. dxc5 bxc5 15. Be3 Qc7 16. Ng3 Nd6 17. Qa4 Rae8 18. Rfe1 g6 19. Rad1 Re7 20. Bf2 Rfe8 21. Rxe7 Rxe7 22. Bf1 Bc6 23. Qc2 Ndb7 24. Re1 Rxe1 25. Bxe1 Qxf4 26. Qe2 Kf7 27. Bd2 Qd6 28. Qe3 Nb3 29. Be1 f4 30. Qf2 Kg7 31. Ne2 g5 32. h4 h6 33. Kh1 Qe6 34. Ng1 Qe3 35. hxg5 hxg5 36. Qxe3 fxe3 37. Kh2 Kf6 38. Kg3 Nd6 39. Nf3 Ne4+ 40. Kg4 Ned2 41. Bd3 Nxf3 42. gxf3 Nc1 43. Bc2 Ne2 44. Bd1 Ng1 45. f4 gxf4 46. Kxf4 e2 47. Bh4+ Ke6 48. Bc2 Nf3 49. Bf5+ Kd6 0-1

[Event "Campinas Itu 5th"]
[Site "Campinas"]
[Date "2011.08.19"]
[Round "5"]
[White "Milanelo, Carlos Alberto"]
[Black "Freitas, Romeu Salvador"]
[Result "0-1"]
[WhiteElo "1673"]
[BlackElo "2200"]
[PlyCount "60"]
[EventDate "2011.08.06"]
[EventType "tourn"]
[EventRounds "14"]
[EventCountry "BRA"]
[SourceTitle "EXT 2022"]
[Source "ChessBase"]
[SourceDate "2021.10.06"]
[SourceVersion "1"]
[SourceVersionDate "2021.10.06"]
[SourceQuality "1"]

1. d4 Nf6 2. c4 c5 3. d5 b5 4. cxb5 a6 5. bxa6 Bxa6 6. Nc3 d6 7. e4 Bxf1 8. Kxf1 g6 9. g3 Bg7 10. Kg2 0-0 11. Nge2 Nbd7 12. Qc2 Qa5 13. b3 Nxe4 14. Qxe4 Bxc3 15. Nxc3 Qxc3 16. Bg5 f6 17. Qe6+ Rf7 18. Qxd7 fxg5 19. Rhf1 Qf3+ 20. Kg1 Qxd5 21. Rad1 Qf5 22. Qc6 Rxa2 23. Qg2 g4 24. Rb1 d5 25. Rbc1 d4 26. Rcd1 e5 27. Rb1 e4 28. Ra1 Rfa7 29. Rxa2 Rxa2 30. Re1 e3 0-1

[Event "Itu LCX 22nd"]
[Site "Itu"]
[Date "2011.04.13"]
[Round "11"]
[White "Freitas, Romeu Salvador"]
[Black "Jacque, Angelica Goncalves"]
[Result "1-0"]
[WhiteElo "2183"]
[BlackElo "1798"]
[PlyCount "45"]
[EventDate "2011.03.23"]
[EventType "tourn"]
[EventRounds "11"]
[EventCountry "BRA"]
[SourceTitle "EXT 2022"]
[Source "ChessBase"]
[SourceDate "2021.10.06"]
[SourceVersion "1"]
[SourceVersionDate "2021.10.06"]
[SourceQuality "1"]

1. d4 Nf6 2. c4 e6 3. Nc3 d5 4. Nf3 Be7 5. cxd5 exd5 6. Bg5 c6 7. e3 0-0 8. h3 Bf5 9. Qb3 b6 10. Be2 Nbd7 11. 0-0 Rc8 12. Ba6 Rb8 13. Bf4 Rc8 14. Rfc1 Rb8 15. Nh4 Bg6 16. Bxb8 Qxb8 17. Nxg6 hxg6 18. Ne2 Qd6 19. Nf4 Ne4 20. Bd3 c5 21. Qxd5 Nef6 22. Qxd6 Bxd6 23. Ne2 1-0